| 000 | 00726nam a2200205Ia 4500 | ||
|---|---|---|---|
| 005 | 20251020182522.0 | ||
| 008 | 200515s9999 xx 000 0 und d | ||
| 082 | _a69:658:016/G45 | ||
| 100 | _aGIBELLINI, Renato SATO, Sergio | ||
| 245 | 0 | _aTécnicas especiales utilizables en las áreas de proyectos, producción y logística | |
| 260 | _aLima | ||
| 260 | _c1995 | ||
| 500 | _a1 ejemplar | ||
| 520 | _aNo pretende explicar conceptos teóricos sobre proyectos, producción o logística, para lo cual existe una vasta bibliografía, sino proporciona rápido acceso a un conjunto de técnicas en la especialidad | ||
| 650 | _aLIB | ||
| 650 | _aLOGISTICA | ||
| 650 | _aPRODUCCION | ||
| 650 | _aPROYECTOS | ||
| 942 | _cLIB | ||
| 999 |
_c1794 _d1794 |
||